Personnage des aventures de Tintin : le maharadjah de Rawhajpoutalah - Statistiques

Statistiques générales
  • Ce quiz a été pris 52 fois
  • Le résultat moyen est 13 sur 16
Statistiques - réponses
Questions Réponses % Correct
Animal au dos duquel se déplace souvent le maharadjah. L'éléphant
98%
Albums dans lesquels apparaît le maharadjah de Rawhajpoutalah. Les Cigares du Pharaon
95%
Albums dans lesquels apparaît le maharadjah de Rawhajpoutalah. Le Lotus bleu
93%
Drogue contre le trafic de laquelle le maharadjah et sa famille oppose une lutte acharnée. L'opium
93%
Ancienne colonie britannique devenue indépendante depuis lors et dans lequel vivait le maharadjah de Rawhajpoutalah. Les Indes
90%
Professionnel du spectacle présentant des numéros d'insensibilité à la douleur. Le maharadjah propose à Tintin de lui montrer les numéros de l'un d'entre eux, Cipaçalouvishni. Un fakir
88%
Animal qui menaçait Tintin et le maharadjah lors de leur rencontre. Tintin l'a mis hors d'état de nuire en lui mettant un gros morceau de bois sous les crocs et une camisole de force autour de son corps. Un tigre
83%
Prédicat honorifique que Tintin adresse au maharadjah par respect : A____ . Altesse
80%
Céréales que les trafiquants revendent à prix fort aux paysans qui ne peuvent plus les produire eux-mêmes puisqu'ils produisent de la drogue, d'après le maharadjah. Le blé
80%
Ville de Chine vers laquelle Tintin est invité à se rendre lorsqu'il était toujours l'hôte du maharadjah en son palais. Shanghaï
80%
Chef du trafic international de stupéfiants qui a enlevé le fils du maharadjah avant de tomber dans le ravin et de survivre à sa chute. Roberto Rastapopoulos
78%
Couvre-chef volumineux que porte le maharadjah. Un turban
78%
Céréales que les trafiquants revendent à prix fort aux paysans qui ne peuvent plus les produire eux-mêmes puisqu'ils produisent de la drogue, d'après le maharadjah. Le riz
65%
Métropole du pays précédent dont le nom de la capitale actuelle est dérivé. Sur une carte visible dans une ancienne version d'un album des aventures de Tintin, l'État de Rawajpoutalah régi par le maharadjah apparaît situé juste au nord de cette ville. Delhi
63%
Plante herbacée dont on tire la drogue précédente. Le maharadjah explique à Tintin qu'en terrorisant la population, les trafiquants ont réussi à rendre sa culture obligatoire et achète sa récolte à vil prix. Le pavot
63%
Poison qui a rendu fous le père et le frère du maharadjah. Le radjaïdjah
45%
Aucun quiz correspondant
Distribution des résultats
% des personnes avec chaque résultat
Percentile par nombre de réponses
Votre historique - résultats
Vous n’avez pas pris ce quiz